000 02581nab a2200289 a 4500
005 20250311063806.0
008 991125c2019 ag ar p o 000 0 spa d
035 _aUPN01000232188
040 _aMX-MxUPN
_bspa
_cMX-MxUPN
_eaacr2
049 _aART-E
100 1 _aContreras Cázarez, Carlos René
_6- renecazarez@gmail.com
245 1 0 _aProceso de socialización en jóvenes de escuelas secundarias en el acceso y uso de Internet a partir de un modelo estructural
_h[recurso electrónico en línea]
506 0 _aAcceso abierto
520 3 _aEl proceso de socialización ha constituido uno de los principales objetos de estudio de las ciencias sociales. A partir del siglo XXI han proliferado los estudios de acceso y uso de Internet en la infancia intermedia, así como en la adolescencia. La mayoría de estas aportaciones describen y analizan de manera útil los hábitos de consumo y preferencias de uso desde diferentes enfoques conceptuales y metodológicos. La finalidad del presente artículo es analizar y evaluar la validez y confiabilidad de un modelo estructural para el estudio de acceso y uso de Internet en los jóvenes en México. El estudio se deriva de un proyecto de investigación más amplio realizado en Hermosillo, Sonora, México en Instituciones de Educación Secundarias Públicas. La muestra está constituida por 198 alumnos. El análisis de regresiones múltiples sugirió la conformación de dos o más variables que influyen en el acceso y uso de Internet en los procesos de socialización por jóvenes de secundaria. Los resultados de las pruebas de fiabilidad del instrumento fueron más que aceptables al mostrar alfas de Cronbach con un valor >.60, permitiendo comprobar la confiabilidad de las variables bajo estudio y medir su consistencia interna. Los mismos indican que el factor de socialización influye de manera significativa en el factor de acceso y uso, dejando en claro que los jóvenes cuando acceden y usan Internet lo hacen primordialmente para fines de interacción y socialización.
650 2 _aSocialización
_97257
650 2 _95660
_aJóvenes
650 4 _aInternet
_9547
650 7 _aEducación secundaria
_2
_94281
653 0 _aCompetencias digitales
653 0 _aModelos estructurales
773 _gNo. 14 (2019), p. 1-28
_tEducación, lenguaje y sociedad
_x2545-7667
856 4 0 _uhttps://cerac.unlpam.edu.ar/index.php/els/article/view/3864/3921
856 4 0 _uhttp://dx.doi.org/10.19137/els-2019-161604
902 _aGloriaJiménez/251022
_bGloriaJiménez/251022
905 _aArticulo
942 _cART-E
999 _c204283
_d204283